[Event "84th ESP-ch 2019"]
[Site "Marbella"]
[Date "2019.11.20"]
[Round "5.20"]
[White "Ladron De Guevara Pinto, Paolo"]
[Black "Rodriguez Reinoso, Victoriano"]
[Result "1-0"]
[WhiteElo "2442"]
[BlackElo "2204"]
[Annotator "ChessBase"]
[PlyCount "95"]
[EventDate "2019.11.16"]
[EventType "swiss"]
[EventCountry "ESP"]
[SourceTitle "playchess.com"]
[Source "ChessBase"]
[SourceQuality "1"]
[TimeControl "5400+30"]

1. e4 {[%emt 0:00:00]} c5 {[%emt 0:00:00]} 2. Nf3 {[%emt 0:00:00]} e6 {[%emt 0:00:00]} 3. d4 {[%emt 0:00:00]} cxd4 {[%emt 0:00:01]} 4. Nxd4 {[%emt 0:00:00]} a6 {[%emt 0:00:16]} 5. c4 {[%emt 0:00:20]} Qc7 {[%emt 0:00:33]} 6. Nc3 {[%emt 0:00:16]} Nf6 {[%emt 0:00:22]} 7. a3 {[%emt 0:00:03]} d6 {[%emt 0:00:55]} 8. Be2 {[%emt 0:00:07]} Nbd7 {[%emt 0:00:46]} 9. Be3 {[%emt 0:00:05]} b6 {[%emt 0:00:27]} 10. O-O {[%emt 0:00:16]} Bb7 {[%emt 0:00:18]} 11. f3 {[%emt 0:00:04]} Rc8 {[%emt 0:00:48]} 12. Qd2 {[%emt 0:01:43]} Be7 {[%emt 0:00:34]} 13. Rfc1 {[%emt 0:00:13]} Qb8 {[%emt 0:01:34]} 14. a4 {[%emt 0:01:34]} Bd8 {[%emt 0:04:35]} 15. Bf1 {[%emt 0:43:12]} O-O {[%emt 0:03:41]} 16. Qf2 {[%emt 0:05:57]} Re8 {[%emt 0:05:20]} 17. Rc2 {[%emt 0:15:13]} Bc7 {[%emt 0:03:03]} 18. g3 {[%emt 0:00:15]} Qa8 {[%emt 0:06:43]} 19. Rac1 {[%emt 0:03:31]} Ne5 {[%emt 0:04:24]} 20. h3 {[%emt 0:14:54]} Nfd7 {[%emt 0:08:15]} 21. Rd1 {[%emt 0:04:41]} Nf6 {[%emt 0:06:39]} 22. b3 {[%emt 0:00:23]} Ned7 {[%emt 0:05:04]} 23. Rcd2 {[%emt 0:00:30]} Qb8 {[%emt 0:03:46]} 24. Nde2 {[%emt 0:00:28]} Nc5 {[%emt 0:08:49]} 25. Rb2 {[%emt 0:02:09]} Bc6 {[%emt 0:03:57]} 26. g4 {[%emt 0:00:28]} h6 {[%emt 0:01:56]} 27. Bg2 {[%emt 0:00:01]} Qa8 {[%emt 0:01:36]} 28. h4 {[%emt 0:00:20]} Nfd7 {[%emt 0:04:23]} 29. Nd4 {[%emt 0:00:06]} Ne5 {[%emt 0:01:08]} 30. Qe2 {[%emt 0:00:09]} Bb7 {[%emt 0:00:58]} 31. h5 {[%emt 0:00:23]} Nc6 {[%emt 0:04:46]} 32. Nc2 {[%emt 0:00:03]} Rcd8 {[%emt 0:00:52]} 33. b4 {[%emt 0:01:06]} Nd7 {[%emt 0:00:12]} 34. b5 {[%emt 0:00:23]} Na5 {[%emt 0:01:09]} 35. bxa6 {[%emt 0:00:24]} Bxa6 {[%emt 0:01:41]} 36. Nb5 {[%emt 0:00:02]} Bb8 {[%emt 0:00:56]} 37. Nb4 {[%emt 0:02:04]} Nc5 {[%emt 0:03:35]} 38. Ra2 {[%emt 0:01:03]} Bb7 {[%emt 0:02:17]} 39. g5 {[%emt 0:04:20]} hxg5 {[%emt 0:00:54]} 40. Bxg5 {[%emt 0:00:02]} Rd7 {[%emt 0:01:25]} 41. Bh4 {[%emt 0:00:33]} Nc6 {[%emt 0:03:30]} 42. Nxc6 {[%emt 0:00:02]} Bxc6 {[%emt 0:00:11]} 43. Bh3 {[%emt 0:00:25]} Qb7 {[%emt 0:02:42]} 44. Qe1 {[%emt 0:00:17]} Bc7 {[%emt 0:02:07]} 45. Rg2 {[%emt 0:00:03]} Bd8 {[%emt 0:02:06]} 46. Nxd6 {[%emt 0:00:17]} Bxh4 {[%emt 0:00:09]} 47. Qxh4 {[%emt 0:00:06]} Qc7 {[%emt 0:02:53]} 48. Qf6 {[%emt 0:00:11]} 1-0

[Event "84th ESP-ch 2019"]
[Site "Marbella"]
[Date "2019.11.20"]
[Round "5.21"]
[White "Hernandez Roldan, Miguel"]
[Black "Valmana Canto, Jaime"]
[Result "0-1"]
[WhiteElo "2229"]
[BlackElo "2416"]
[Annotator "ChessBase"]
[PlyCount "63"]
[EventDate "2019.11.16"]
[EventType "swiss"]
[EventCountry "ESP"]
[SourceTitle "playchess.com"]
[Source "ChessBase"]
[SourceQuality "1"]
[TimeControl "5400+30"]

1. e4 {[%emt 0:00:00]} c5 {[%emt 0:05:11]} 2. Nf3 {[%emt 0:00:00]} Nc6 {[%emt 0:00:12]} 3. Bb5 {[%emt 0:00:03]} Nf6 {[%emt 0:00:08]} 4. Bxc6 {[%emt 0:00:43]} dxc6 {[%emt 0:00:04]} 5. d3 {[%emt 0:09:04]} Bg4 {[%emt 0:02:24]} 6. Nc3 {[%emt 0:06:54]} e5 {[%emt 0:00:20]} 7. h3 {[%emt 0:01:12]} Bxf3 {[%emt 0:00:16]} 8. Qxf3 {[%emt 0:00:02]} Qc7 {[%emt 0:02:20]} 9. O-O {[%emt 0:06:30]} Bd6 {[%emt 0:03:53]} 10. Be3 {[%emt 0:04:27]} O-O {[%emt 0:01:44]} 11. Ne2 {[%emt 0:05:30]} Rfe8 {[%emt 0:01:04]} 12. g4 {[%emt 0:00:52]} Nd7 {[%emt 0:00:13]} 13. Qg3 {[%emt 0:03:08]} Nf8 {[%emt 0:00:42]} 14. f4 {[%emt 0:04:29]} exf4 {[%emt 0:00:09]} 15. Bxf4 {[%emt 0:00:10]} Bxf4 {[%emt 0:00:07]} 16. Rxf4 {[%emt 0:04:45]} Ng6 {[%emt 0:03:03]} 17. Rf2 {[%emt 0:00:33]} Qe7 {[%emt 0:02:53]} 18. Raf1 {[%emt 0:01:11]} f6 {[%emt 0:00:10]} 19. b3 {[%emt 0:08:15]} a5 {[%emt 0:00:09]} 20. a4 {[%emt 0:05:58]} b5 {[%emt 0:00:43]} 21. Nc3 {[%emt 0:00:33]} c4 {[%emt 0:06:39]} 22. axb5 {[%emt 0:01:28]} cxb3 {[%emt 0:01:02]} 23. cxb3 {[%emt 0:02:29]} Qb4 {[%emt 0:11:11]} 24. Rc1 {[%emt 0:00:40]} cxb5 {[%emt 0:00:11]} 25. Nd5 {[%emt 0:01:22]} Qd4 {[%emt 0:03:43]} 26. Qd6 {[%emt 0:15:13]} Rad8 {[%emt 0:02:28]} 27. Qg3 {[%emt 0:01:00]} Ne5 {[%emt 0:00:59]} 28. Rd1 {[%emt 0:01:05]} a4 {[%emt 0:03:10]} 29. bxa4 {[%emt 0:00:50]} bxa4 {[%emt 0:00:10]} 30. Kg2 {[%emt 0:00:06]} a3 {[%emt 0:00:13]} 31. Ra2 {[%emt 0:00:53]} Rxd5 {[%emt 0:00:14]} 32. Raa1 0-1

[Event "84th ESP-ch 2019"]
[Site "Marbella"]
[Date "2019.11.20"]
[Round "5.22"]
[White "Garza Marco, Sergio"]
[Black "Luque Saiz, Andres"]
[Result "1-0"]
[WhiteElo "2400"]
[BlackElo "2140"]
[Annotator "ChessBase"]
[PlyCount "77"]
[EventDate "2019.11.16"]
[EventType "swiss"]
[EventCountry "ESP"]
[SourceTitle "playchess.com"]
[Source "ChessBase"]
[SourceQuality "1"]
[TimeControl "5400+30"]

1. d4 {[%emt 0:00:00]} d5 {[%emt 0:00:00]} 2. c4 {[%emt 0:00:00]} c6 {[%emt 0:00:00]} 3. Nf3 {[%emt 0:00:00]} Nf6 {[%emt 0:00:03]} 4. Nc3 {[%emt 0:00:00]} dxc4 {[%emt 0:00:24]} 5. a4 {[%emt 0:00:09]} Bf5 {[%emt 0:00:21]} 6. e3 {[%emt 0:00:18]} e6 {[%emt 0:00:56]} 7. Bxc4 {[%emt 0:00:06]} Bb4 {[%emt 0:00:17]} 8. O-O {[%emt 0:00:07]} Nbd7 {[%emt 0:00:20]} 9. Qe2 {[%emt 0:00:07]} O-O {[%emt 0:02:04]} 10. e4 {[%emt 0:00:24]} Bg4 {[%emt 0:04:24]} 11. Rd1 {[%emt 0:08:43]} Qc7 {[%emt 0:03:01]} 12. e5 {[%emt 0:19:50]} Nd5 {[%emt 0:01:58]} 13. Bd2 {[%emt 0:08:04]} Bxc3 {[%emt 0:11:28]} 14. bxc3 {[%emt 0:00:15]} f6 {[%emt 0:00:09]} 15. Bd3 {[%emt 0:01:44]} fxe5 {[%emt 0:09:42]} 16. Bxh7+ {[%emt 0:00:16]} Kh8 {[%emt 0:00:18]} 17. Be4 {[%emt 0:03:56]} exd4 {[%emt 0:04:49]} 18. cxd4 {[%emt 0:00:53]} N7f6 {[%emt 0:00:30]} 19. Bb1 {[%emt 0:04:46]} Nf4 {[%emt 0:04:52]} 20. Bxf4 {[%emt 0:00:08]} Qxf4 {[%emt 0:00:07]} 21. Ra3 {[%emt 0:00:58]} Nd5 {[%emt 0:08:49]} 22. h3 {[%emt 0:02:47]} Bf5 {[%emt 0:01:43]} 23. Ne5 {[%emt 0:01:21]} Qh6 {[%emt 0:07:01]} 24. Qb2 {[%emt 0:01:59]} Nf4 {[%emt 0:05:49]} 25. Qxb7 {[%emt 0:03:08]} Rab8 {[%emt 0:06:32]} 26. Qxb8 {[%emt 0:02:14]} Rxb8 {[%emt 0:02:02]} 27. Nf7+ {[%emt 0:00:06]} Kh7 {[%emt 0:00:03]} 28. Bxf5+ {[%emt 0:00:17]} exf5 {[%emt 0:00:16]} 29. Nxh6 {[%emt 0:00:07]} Kxh6 {[%emt 0:00:12]} 30. Rf3 {[%emt 0:05:40]} g5 {[%emt 0:07:01]} 31. Kh2 {[%emt 0:00:57]} Rb4 {[%emt 0:02:08]} 32. g3 {[%emt 0:00:56]} Ne6 {[%emt 0:00:47]} 33. Rxf5 {[%emt 0:00:42]} Nxd4 {[%emt 0:04:15]} 34. Ra5 {[%emt 0:00:22]} c5 {[%emt 0:00:28]} 35. Rxa7 {[%emt 0:01:12]} Rb6 {[%emt 0:00:15]} 36. Rd7 {[%emt 0:02:21]} Rb2 {[%emt 0:02:32]} 37. Kg2 {[%emt 0:01:41]} Nf5 {[%emt 0:00:05]} 38. Rc1 {[%emt 0:00:51]} c4 {[%emt 0:00:34]} 39. Rc7 {[%emt 0:00:53]} 1-0

[Event "84th ESP-ch 2019"]
[Site "Marbella"]
[Date "2019.11.20"]
[Round "5.23"]
[White "Represa Perez, Mireya"]
[Black "Suarez Uriel, Adrian"]
[Result "0-1"]
[WhiteElo "2189"]
[BlackElo "2389"]
[Annotator "ChessBase"]
[PlyCount "124"]
[EventDate "2019.11.16"]
[EventType "swiss"]
[EventCountry "ESP"]
[SourceTitle "playchess.com"]
[Source "ChessBase"]
[SourceQuality "1"]
[TimeControl "5400+30"]

1. e4 {[%emt 0:00:00]} c5 {[%emt 0:00:00]} 2. Nf3 {[%emt 0:00:00]} Nc6 {[%emt 0:00:00]} 3. Bb5 {[%emt 0:00:16]} g6 {[%emt 0:00:00]} 4. Bxc6 {[%emt 0:01:22]} dxc6 {[%emt 0:00:36]} 5. d3 {[%emt 0:00:10]} Bg7 {[%emt 0:00:06]} 6. h3 {[%emt 0:00:18]} Nf6 {[%emt 0:00:05]} 7. Nc3 {[%emt 0:01:19]} Nd7 {[%emt 0:00:14]} 8. Be3 {[%emt 0:01:18]} e5 {[%emt 0:00:05]} 9. Qd2 {[%emt 0:00:34]} h6 {[%emt 0:00:06]} 10. O-O {[%emt 0:00:59]} b6 {[%emt 0:00:08]} 11. Nh2 {[%emt 0:00:37]} Nf8 {[%emt 0:00:04]} 12. f4 {[%emt 0:14:42]} exf4 {[%emt 0:00:09]} 13. Bxf4 {[%emt 0:00:06]} Ne6 {[%emt 0:00:05]} 14. Bg3 {[%emt 0:01:57]} Qg5 {[%emt 0:00:18]} 15. Qe1 {[%emt 0:00:53]} Nd4 {[%emt 0:16:09]} 16. Kh1 {[%emt 0:05:55]} Qe7 {[%emt 0:11:26]} 17. Qf2 {[%emt 0:14:54]} Be6 {[%emt 0:06:03]} 18. Rae1 {[%emt 0:05:26]} O-O-O {[%emt 0:01:01]} 19. Nd1 {[%emt 0:10:55]} g5 {[%emt 0:10:19]} 20. Ne3 {[%emt 0:02:20]} Rhe8 {[%emt 0:14:07]} 21. c3 {[%emt 0:02:48]} Nb5 {[%emt 0:04:45]} 22. Nf5 {[%emt 0:02:26]} Qf8 {[%emt 0:02:04]} 23. a4 {[%emt 0:02:26]} Nc7 {[%emt 0:00:04]} 24. Ng4 {[%emt 0:01:47]} Rxd3 {[%emt 0:06:18]} 25. Nxg7 {[%emt 0:00:38]} Qxg7 {[%emt 0:00:35]} 26. Ne5 {[%emt 0:00:35]} Rxg3 {[%emt 0:01:33]} 27. Qxg3 {[%emt 0:00:08]} Kb7 {[%emt 0:00:02]} 28. Nd3 Bc4 {[%emt 0:10:32]} 29. a5 {[%emt 0:05:11]} Rd8 {[%emt 0:02:42]} 30. Rf3 {[%emt 0:01:26]} h5 {[%emt 0:02:02]} 31. axb6 {[%emt 0:01:05]} axb6 {[%emt 0:00:01]} 32. Ra1 {[%emt 0:01:40]} f6 {[%emt 0:02:33]} 33. Rd1 {[%emt 0:00:59]} Qe7 {[%emt 0:01:29]} 34. Rf2 {[%emt 0:04:17]} Ne6 {[%emt 0:02:22]} 35. Qf3 {[%emt 0:02:41]} Qc7 {[%emt 0:01:42]} 36. Qxf6 {[%emt 0:07:10]} Bxd3 {[%emt 0:00:08]} 37. Qxe6 {[%emt 0:07:24]} Bc4 {[%emt 0:00:03]} 38. Qxc4 {[%emt 0:00:35]} Rxd1+ {[%emt 0:00:03]} 39. Rf1 {[%emt 0:00:05]} b5 {[%emt 0:00:13]} 40. Qe2 {[%emt 0:00:08]} Rxf1+ {[%emt 0:00:17]} 41. Qxf1 {[%emt 0:00:04]} Qf4 {[%emt 0:03:21]} 42. Qxf4 {[%emt 0:02:13]} gxf4 {[%emt 0:00:01]} 43. Kh2 {[%emt 0:00:12]} h4 {[%emt 0:02:29]} 44. Kg1 {[%emt 0:00:01]} Kc7 {[%emt 0:00:02]} 45. Kf2 {[%emt 0:00:06]} Kd6 {[%emt 0:00:01]} 46. Kf3 {[%emt 0:00:04]} Ke5 {[%emt 0:00:02]} 47. Kg4 {[%emt 0:01:00]} Kxe4 {[%emt 0:00:05]} 48. Kxh4 {[%emt 0:00:03]} Kf5 {[%emt 0:00:52]} 49. g4+ {[%emt 0:01:39]} Ke4 {[%emt 0:00:13]} 50. g5 {[%emt 0:00:46]} f3 {[%emt 0:00:04]} 51. g6 {[%emt 0:00:03]} f2 {[%emt 0:00:03]} 52. g7 {[%emt 0:00:06]} f1=Q {[%emt 0:00:04]} 53. g8=Q {[%emt 0:00:04]} Qf2+ {[%emt 0:01:20]} 54. Kh5 {[%emt 0:00:33]} Qxb2 {[%emt 0:00:19]} 55. Qe6+ {[%emt 0:01:11]} Kd3 {[%emt 0:00:10]} 56. Qxc6 {[%emt 0:01:08]} Qe2+ {[%emt 0:00:02]} 57. Kg6 {[%emt 0:01:06]} Kc4 {[%emt 0:00:09]} 58. h4 {[%emt 0:00:34]} Qg4+ {[%emt 0:00:06]} 59. Kf6 {[%emt 0:00:19]} Qxh4+ {[%emt 0:00:05]} 60. Kf7 {[%emt 0:00:14]} Qh5+ {[%emt 0:00:40]} 61. Ke7 {[%emt 0:00:13]} Qe5+ {[%emt 0:00:04]} 62. Kf7 {[%emt 0:00:17]} Qd5+ {[%emt 0:00:04]} 0-1

[Event "84th ESP-ch 2019"]
[Site "Marbella"]
[Date "2019.11.20"]
[Round "5.24"]
[White "Pindado Campos, Raul"]
[Black "Bernabeu Lopez, Carlos Javier"]
[Result "1/2-1/2"]
[WhiteElo "2100"]
[BlackElo "2366"]
[Annotator "ChessBase"]
[PlyCount "110"]
[EventDate "2019.11.16"]
[EventType "swiss"]
[EventCountry "ESP"]
[SourceTitle "playchess.com"]
[Source "ChessBase"]
[SourceQuality "1"]
[TimeControl "5400+30"]

1. d4 {[%emt 0:00:00]} g6 {[%emt 0:00:00]} 2. c4 {[%emt 0:00:00]} Bg7 {[%emt 0:00:00]} 3. Nf3 {[%emt 0:00:12]} Nf6 {[%emt 0:00:00]} 4. g3 {[%emt 0:00:08]} O-O {[%emt 0:00:00]} 5. Bg2 {[%emt 0:00:05]} d6 {[%emt 0:00:00]} 6. O-O {[%emt 0:00:07]} Nc6 {[%emt 0:00:00]} 7. Nc3 {[%emt 0:00:13]} Bg4 {[%emt 0:00:02]} 8. h3 {[%emt 0:07:44]} Bxf3 {[%emt 0:00:15]} 9. Bxf3 {[%emt 0:00:08]} Nd7 {[%emt 0:00:03]} 10. e3 {[%emt 0:11:37]} e5 {[%emt 0:00:35]} 11. Ne2 {[%emt 0:02:35]} exd4 {[%emt 0:08:36]} 12. exd4 {[%emt 0:04:43]} Qf6 {[%emt 0:03:07]} 13. Bg2 {[%emt 0:14:15]} Nxd4 {[%emt 0:01:51]} 14. Bxb7 {[%emt 0:07:02]} Rab8 {[%emt 0:01:19]} 15. Bg2 {[%emt 0:02:27]} Nc5 {[%emt 0:20:45]} 16. Nc3 {[%emt 0:09:57]} Qe6 {[%emt 0:02:00]} 17. Nd5 {[%emt 0:13:08]} Ne2+ {[%emt 0:11:28]} 18. Kh2 {[%emt 0:00:15]} Nxc1 {[%emt 0:01:29]} 19. Rxc1 {[%emt 0:00:13]} Rxb2 {[%emt 0:09:01]} 20. Nxc7 {[%emt 0:02:41]} Qf5 {[%emt 0:01:57]} 21. Nd5 {[%emt 0:10:40]} Re8 {[%emt 0:02:02]} 22. Ne3 {[%emt 0:01:15]} Qd3 {[%emt 0:03:54]} 23. Qf3 {[%emt 0:00:14]} Qe2 {[%emt 0:03:22]} 24. Qc6 {[%emt 0:03:14]} Rd8 {[%emt 0:05:24]} 25. Rce1 {[%emt 0:00:41]} Qh5 {[%emt 0:01:17]} 26. Nd5 {[%emt 0:02:13]} Ne6 {[%emt 0:03:01]} 27. f4 {[%emt 0:03:42]} h6 {[%emt 0:03:11]} 28. f5 {[%emt 0:01:20]} Nd4 {[%emt 0:00:36]} 29. Ne7+ {[%emt 0:02:26]} Kh7 {[%emt 0:01:02]} 30. Qd5 {[%emt 0:00:01]} gxf5 {[%emt 0:03:37]} 31. Nxf5 {[%emt 0:01:12]} Nxf5 {[%emt 0:07:19]} 32. Rxf5 {[%emt 0:00:01]} Qg6 {[%emt 0:00:15]} 33. Rxf7 {[%emt 0:00:54]} Kh8 {[%emt 0:00:54]} 34. Qf5 {[%emt 0:00:56]} Qxf5 {[%emt 0:00:22]} 35. Rxf5 {[%emt 0:00:01]} Rxa2 {[%emt 0:01:25]} 36. h4 {[%emt 0:00:16]} Rg8 {[%emt 0:01:24]} 37. Kh3 {[%emt 0:00:41]} Be5 {[%emt 0:00:07]} 38. Re3 {[%emt 0:00:28]} Rc8 {[%emt 0:02:05]} 39. Bd5 {[%emt 0:00:39]} a5 {[%emt 0:03:09]} 40. Ref3 {[%emt 0:00:31]} Rc2 {[%emt 0:00:41]} 41. Rf7 {[%emt 0:00:56]} Rc3 {[%emt 0:00:14]} 42. Rxc3 {[%emt 0:00:31]} Bxc3 {[%emt 0:00:02]} 43. Ra7 {[%emt 0:00:16]} Re8 {[%emt 0:00:38]} 44. Ra8 {[%emt 0:00:43]} Rxa8 {[%emt 0:00:06]} 45. Bxa8 {[%emt 0:00:01]} a4 {[%emt 0:00:48]} 46. Be4 {[%emt 0:00:01]} Kg7 {[%emt 0:00:19]} 47. Kg4 {[%emt 0:01:35]} Kf6 {[%emt 0:00:11]} 48. Kf3 {[%emt 0:00:19]} Ke5 {[%emt 0:00:37]} 49. Ke3 {[%emt 0:00:21]} Be1 {[%emt 0:00:18]} 50. h5 {[%emt 0:00:41]} Bxg3 {[%emt 0:00:13]} 51. Bb1 {[%emt 0:00:22]} a3 {[%emt 0:00:32]} 52. Kd3 {[%emt 0:00:24]} Kf6 {[%emt 0:02:21]} 53. Kc3 {[%emt 0:00:19]} a2 {[%emt 0:00:23]} 54. Bxa2 {[%emt 0:00:03]} Kg5 {[%emt 0:00:05]} 55. c5 {[%emt 0:00:17]} dxc5 {[%emt 0:00:20]} 1/2-1/2

[Event "84th ESP-ch 2019"]
[Site "Marbella"]
[Date "2019.11.20"]
[Round "5.25"]
[White "Pazos Porta, Antonio"]
[Black "Vega Gutierrez, Belinda"]
[Result "1/2-1/2"]
[WhiteElo "2345"]
[BlackElo "2161"]
[Annotator "TA"]
[PlyCount "93"]
[EventDate "2019.11.16"]
[EventType "swiss"]
[EventCountry "ESP"]
[SourceTitle "playchess.com"]
[Source "ChessBase"]
[SourceQuality "1"]

{[%evp 23,93,10,7,10,27,0,0,0,8,8,8,-2,6,0,36,11,17,25,20,17,20,12,29,20,30,0,114,108,95,63,56,5,22,-57,-68,-63,-58,-72,-72,-58,-32,-29,-18,-42,0,0,0,-40,-23,-31,-30,-33,-25,-90,-94,-92,-15,-15,-16,-22,-19,-20,-17,-17,-15,-15,-15,-16,-16,-26,-26,-84]} 1. c4 e5 2. g3 Nf6 3. Bg2 d5 4. cxd5 Nxd5 5. Nc3 Nb6 6. Nf3 Nc6 7. O-O Be7 8. d3 O-O 9. a3 Be6 10. Be3 Nd5 11. Nxd5 Bxd5 12. Rc1 Re8 13. Qc2 {A29: English Opening: Four Knights Variation with 4 g3} a5 (13... a6 14. Rfd1 Bf6 15. Nd2 Bxg2 16. Kxg2 Bg5 17. Bxg5 Qxg5 18. e3 {1-0 (57) So,W (2778)-Giri,A (2782) Leuven 2018}) 14. Nd2 a4 15. Rfd1 {The position is equal.} Bxg2 16. Kxg2 Qd5+ $146 ({Predecessor:} 16... f5 17. b4 Qd5+ 18. f3 Bd6 19. Qc4 Qf7 20. Bf2 Nd4 21. Bxd4 exd4 22. Qxf7+ Kxf7 {0-1 (52) Moazaz,D (2046)-Nogerbek,K (2325) Ahmedabad 2017}) 17. Kg1 Rec8 18. Qc4 Qd8 19. Qe4 Ra5 20. Rc4 Rca8 21. Rdc1 Qd7 22. g4 Bd6 23. h3 Nd8 {[%cal Bc6d8,Bd8e6,Be6f4][%mdl 32]} 24. R4c2 b5 (24... Rb5 $11 {keeps the balance.}) 25. Nf3 $16 f6 26. Bc5 {Threatens to win with Bxd6.} Ne6 27. Qd5 (27. Bxd6 $14 cxd6 28. e3) 27... Rd8 $1 $11 28. Bb4 (28. Bxd6 $11 Qxd6 29. Qa2) 28... Bxb4 $15 29. Qxd7 Rxd7 30. axb4 Ra7 31. Kf1 Nf4 32. Rc5 Rb7 33. g5 Nxh3 34. gxf6 gxf6 35. Rc6 Kg7 36. e3 Rxd3 37. Kg2 Ng5 38. Nxg5 $1 fxg5 $11 {[%mdl 4096] Endgame KRR-KRR} 39. R1c5 {[#]} Rd6 ({Black should play} 39... Rd2 $1 $17 40. Rxe5 Rxb2 41. Rxg5+ Kf7 42. Rf5+ Kg8 43. Rg5+ Kh8) 40. Rxc7+ Rxc7 41. Rxc7+ {KR-KR} Kg6 {Strongly threatening ...Rd2.} 42. Rc5 Kf5 {Hoping for ...Rd2.} 43. Rxb5 Rd2 44. Ra5 Rxb2 45. Rxa4 h5 46. Ra8 Rxb4 47. Rf8+ {Accuracy: White = 63%, Black = 40%.} (47. Kf3 $11) 1/2-1/2

[Event "84th ESP-ch 2019"]
[Site "Marbella"]
[Date "2019.11.20"]
[Round "5.26"]
[White "Mingarro Carceller, Sergi"]
[Black "Sosa Suarez, Carla Cristina"]
[Result "1-0"]
[WhiteElo "2329"]
[BlackElo "2022"]
[Annotator "ChessBase"]
[PlyCount "101"]
[EventDate "2019.11.16"]
[EventType "swiss"]
[EventCountry "ESP"]
[SourceTitle "playchess.com"]
[Source "ChessBase"]
[SourceQuality "1"]
[TimeControl "5400+30"]

1. e4 {[%emt 0:01:19]} e6 {[%emt 0:00:00]} 2. d4 {[%emt 0:00:07]} d5 {[%emt 0:00:00]} 3. Nd2 {[%emt 0:00:08]} c5 {[%emt 0:00:00]} 4. exd5 {[%emt 0:00:29]} Qxd5 {[%emt 0:00:22]} 5. Ngf3 {[%emt 0:00:17]} cxd4 {[%emt 0:01:30]} 6. Bc4 {[%emt 0:00:15]} Qd6 {[%emt 0:00:10]} 7. O-O {[%emt 0:00:35]} Nf6 {[%emt 0:00:40]} 8. Nb3 {[%emt 0:00:43]} Nc6 {[%emt 0:00:32]} 9. Nbxd4 {[%emt 0:00:33]} Nxd4 {[%emt 0:00:20]} 10. Nxd4 {[%emt 0:00:10]} a6 {[%emt 0:00:45]} 11. Re1 {[%emt 0:00:49]} Bd7 {[%emt 0:05:44]} 12. c3 {[%emt 0:07:40]} Qc7 {[%emt 0:03:12]} 13. Qe2 {[%emt 0:05:10]} Bd6 {[%emt 0:17:45]} 14. Bg5 {[%emt 0:24:12]} O-O-O {[%emt 0:04:31]} 15. h3 {[%emt 0:02:06]} h6 {[%emt 0:03:54]} 16. Be3 {[%emt 0:01:05]} Kb8 {[%emt 0:16:43]} 17. a4 {[%emt 0:05:49]} Nd5 {[%emt 0:04:51]} 18. Bxd5 {[%emt 0:05:35]} exd5 {[%emt 0:00:04]} 19. a5 {[%emt 0:03:28]} Rde8 {[%emt 0:05:05]} 20. Qf3 {[%emt 0:02:53]} f5 {[%emt 0:08:29]} 21. Nc2 {[%emt 0:13:21]} f4 22. Bb6 {[%emt 0:00:30]} Qc4 23. Red1 {[%emt 0:00:30]} Re4 24. Rd2 {[%emt 0:00:30]} Rhe8 25. Rad1 {[%emt 0:00:30]} Ba4 26. Rd4 {[%emt 0:00:30]} Qc6 27. R4d2 {[%emt 0:00:30]} Bxc2 28. Rxc2 {[%emt 0:00:30]} Re1+ 29. Kh2 {[%emt 0:00:30]} Qb5 30. Qxd5 {[%emt 0:00:30]} Qxd5 31. Rxd5 {[%emt 0:00:30]} Be5 32. Rcd2 {[%emt 0:00:30]} f3+ 33. g3 {[%emt 0:00:30]} Bc7 34. Rd7 {[%emt 0:00:30]} Bxb6 35. axb6 {[%emt 0:00:30]} Kc8 36. Rc7+ {[%emt 0:00:30]} Kb8 37. Rdd7 {[%emt 0:00:30]} R1e2 38. Rxb7+ {[%emt 0:00:30]} Ka8 39. Ra7+ {[%emt 0:00:30]} Kb8 40. Rab7+ {[%emt 0:00:30]} Kc8 41. g4 {[%emt 0:00:30]} Rxf2+ 42. Kg3 {[%emt 0:00:30]} Rxb2 43. Kxf3 {[%emt 0:00:30]} Rf8+ 44. Ke3 {[%emt 0:00:30]} Rb3 45. Kd3 {[%emt 0:00:30]} Rf3+ 46. Ke4 {[%emt 0:00:30]} Rfxc3 47. Rxg7 {[%emt 0:00:30]} Rb4+ 48. Kd5 {[%emt 0:00:30]} Rd3+ 49. Kc5 {[%emt 0:00:30]} Rb5+ 50. Kc4 {[%emt 0:00:30]} Rd8 51. Rgc7# 1-0

[Event "84th ESP-ch 2019"]
[Site "Marbella"]
[Date "2019.11.20"]
[Round "5.27"]
[White "Gomez Dieguez, David"]
[Black "Carbonell Bofill, Carlos Eloy"]
[Result "1-0"]
[WhiteElo "2336"]
[BlackElo "2098"]
[Annotator "ChessBase"]
[PlyCount "77"]
[EventDate "2019.11.16"]
[EventType "swiss"]
[EventCountry "ESP"]
[SourceTitle "playchess.com"]
[Source "ChessBase"]
[SourceQuality "1"]
[TimeControl "5400+30"]

1. e4 {[%emt 0:00:00]} e6 {[%emt 0:00:00]} 2. d4 {[%emt 0:00:00]} d5 {[%emt 0:00:00]} 3. Nc3 {[%emt 0:00:00]} Nf6 {[%emt 0:00:00]} 4. e5 {[%emt 0:00:00]} Nfd7 {[%emt 0:00:00]} 5. f4 {[%emt 0:00:00]} c5 {[%emt 0:00:00]} 6. Nf3 {[%emt 0:00:00]} Nc6 {[%emt 0:00:00]} 7. Be3 {[%emt 0:00:00]} Qb6 {[%emt 0:01:12]} 8. Na4 {[%emt 0:00:06]} Qa5+ {[%emt 0:00:02]} 9. c3 {[%emt 0:00:10]} b6 {[%emt 0:00:20]} 10. Bd2 {[%emt 0:08:55]} c4 {[%emt 0:03:12]} 11. b4 {[%emt 0:02:47]} Qa6 {[%emt 0:00:06]} 12. Be2 {[%emt 0:02:44]} g6 {[%emt 0:01:53]} 13. O-O {[%emt 0:00:39]} h5 {[%emt 0:00:11]} 14. f5 {[%emt 0:19:13]} exf5 {[%emt 0:01:16]} 15. Ng5 {[%emt 0:01:12]} Ndb8 {[%emt 0:05:26]} 16. Nh3 {[%emt 0:11:36]} Nd8 {[%emt 0:05:05]} 17. Bf3 {[%emt 0:03:28]} Be6 {[%emt 0:05:30]} 18. Nf4 {[%emt 0:08:30]} Qb7 {[%emt 0:00:03]} 19. Nb2 {[%emt 0:00:10]} b5 {[%emt 0:01:07]} 20. a4 {[%emt 0:00:57]} a6 {[%emt 0:03:08]} 21. axb5 {[%emt 0:01:46]} axb5 {[%emt 0:00:07]} 22. Rxa8 {[%emt 0:00:16]} Qxa8 {[%emt 0:00:01]} 23. Qa1 {[%emt 0:00:08]} Qb7 {[%emt 0:01:12]} 24. Nd1 {[%emt 0:00:49]} Bh6 {[%emt 0:00:10]} 25. Qc1 {[%emt 0:00:18]} Nd7 {[%emt 0:02:15]} 26. Nxe6 {[%emt 0:05:44]} Bxd2 {[%emt 0:00:46]} 27. Nxd8 {[%emt 0:00:06]} Bxc1 {[%emt 0:01:50]} 28. Nxb7 {[%emt 0:00:13]} Nb6 {[%emt 0:00:07]} 29. Nd6+ {[%emt 0:01:37]} Ke7 {[%emt 0:00:02]} 30. Nxb5 {[%emt 0:00:24]} Kd7 {[%emt 0:02:03]} 31. Nf2 {[%emt 0:05:09]} Bd2 {[%emt 0:01:44]} 32. Rd1 {[%emt 0:00:17]} Be3 {[%emt 0:01:39]} 33. Ra1 {[%emt 0:00:21]} g5 {[%emt 0:00:47]} 34. Ra7+ {[%emt 0:01:05]} Kc6 {[%emt 0:01:14]} 35. Nd6 {[%emt 0:01:13]} Na8 {[%emt 0:00:56]} 36. b5+ {[%emt 0:03:04]} Kb6 {[%emt 0:00:02]} 37. Ra6+ {[%emt 0:00:09]} Kc7 {[%emt 0:00:11]} 38. Bxd5 {[%emt 0:00:11]} Nb6 {[%emt 0:01:02]} 39. Ra7+ {[%emt 0:00:14]} 1-0